[Event "Østlandsserien 2012/2013, 3. div. C"]
[Site "Nittedal, Akershus NOR"]
[Date "2013.01.13"]
[Round "3"]
[White "Kielland-Lund, Jon"]
[Black "Salimdzanov, Sergej"]
[Result "1/2-1/2"]
[WhiteElo "1587"]
[BlackElo "1712"]
[Annotator "Critter 1.6a 64-bit (15m)"]
[PlyCount "127"]
[EventDate "2012.11.04"]
[WhiteTeam "Follo 2"]
[BlackTeam "Nittedal"]

{A22: English Opening: 1...e5 2 Nc3 Nf6} 1. c4 e5 2. Nc3 Nf6 3. Nf3 d6 4. e3 {
last book move} e4 {Black threatens to win material: e4xf3} 5. Ng5 Bf5 6. Qc2 {
[%cal Rc2e4,Rc3e4,Rg5e4,Gf5e4,Gf6e4] Increases the pressure on e4} Qe7 (6...
Be7 7. Ngxe4 Nxe4 8. Nxe4 $14) 7. f3 {Consolidates g4} Nh5 8. Ngxe4 Qh4+ 9. Ke2
Ng3+ {Deflection: e4} 10. hxg3 (10. Nxg3 Qxc4+ {Double attack} (10... Bxc2 {
Deflection Pinning})) (10. hxg3 Qxh1 {Deflection Pinning}) 10... Qxh1 11. Nf6+
gxf6 12. Qxf5 Nd7 {
For meg så det ut til at Tg8 var farlig, med min dronning på a7...} 13. Nd5 {
Et særdeles svakt trekk. Burde deplassert klongen.} (13. Qe4+ $142 {
and the scales tip in favour of White} Kd8 14. Qxb7 $18) 13... O-O-O $14 14. b3
(14. Nxf6 Bg7 15. Nh5 Rhg8 $14) 14... Qh6 (14... Rg8 15. Kf2 Rg5 16. Qf4 $11)
15. Bb2 {[%cal Rb2f6,Rd5f6,Rf5f6,Gd7f6,Gh6f6] Increasing the pressure on the
isolated pawn on f6. White threatens to win material: Bb2xf6} Bg7 (15... Qg6
16. Qh3 Kb8 17. Kd1 $11) 16. Kf2 (16. Qf4 Qxf4 17. Ne7+ Kb8 18. gxf4 c6 $16)
16... Kb8 $14 17. d4 Rhe8 18. Bd3 c6 (18... Nf8 19. Re1 $14) 19. Nf4 $16 {
[%cal Yc4c5] White prepares the advance c5} Nf8 (19... Ka8 20. Qh5 $16) 20. Re1
(20. Qh5 Qxh5 21. Nxh5 Bh8 $16) 20... Ng6 $14 21. Nh3 (21. d5 Nxf4 22. Qxf4
Qxf4 23. gxf4 cxd5 24. cxd5 h5 $16) 21... Bh8 (21... d5 22. Bc3 $14) 22. a4 d5
23. c5 {This push gains space} Re6 24. Bc1 Qf8 25. Qh5 Rde8 26. Bf5 Qg7 (26...
R6e7 27. b4 $16) 27. Bxe6 fxe6 28. Bb2 Rg8 (28... e5 29. b4 $16) 29. g4 Qc7 (
29... Qd7 30. b4 $16) 30. b4 (30. Nf4 e5 31. Ne2 Rf8 $18) 30... Rf8 (30... Qd7
31. Nf4 $18) 31. f4 (31. Nf4 $142 Qf7 32. Nd3 $18) 31... e5 $2 (31... Qd7 $142
$16) 32. f5 $18 Ne7 (32... a5 33. fxg6 hxg6 34. Qh6 $18) 33. Qxh7 Rg8 (33...
Qd8 {does not win a prize} 34. dxe5 fxe5 35. Ng5 $18) 34. Qh4 (34. dxe5 $142 {
and White can already relax} fxe5 35. g5 Rf8 $18) 34... Qd7 (34... Ka8 35. dxe5
fxe5 36. Ng1 $18) 35. Kg1 Nc8 $2 (35... Nxf5 36. gxf5 Qxf5 37. dxe5 fxe5 38.
Rf1 $18) 36. Kf1 (36. dxe5 $5 {might be the shorter path} fxe5 37. f6 Qe6 $18)
36... Qg7 $2 (36... e4 37. Nf4 $18) 37. Nf2 (37. dxe5 $142 {ends the debate}
fxe5 38. g5 $18) 37... e4 38. Ke2 Qc7 (38... Qe7 39. Rh1 $18) 39. Rh1 Bg7 (
39... Qg7 40. Qh7 $18) 40. Qh2 Qxh2 41. Rxh2 Bf8 (41... Rh8 42. Rxh8 Bxh8 43.
Nh3 $18) 42. Rh4 Be7 43. Bc3 (43. Nh3 {makes it even easier for White} Bd8 $18)
43... Bd8 (43... Kc7 44. Nh3 $18) 44. Be1 Bc7 (44... Kc7 {
doesn't improve anything} 45. Nh3 Ne7 46. Nf4 $18) 45. Nh1 (45. Rh6 {
seems even better} Rf8 $18) 45... b6 (45... Rg5 46. Rh6 Rxg4 47. Rxf6 Rxg2+ 48.
Nf2 $18) 46. Bg3 a5 (46... a6 47. Bxc7+ Kxc7 48. Rh7+ Kd8 49. Nf2 bxc5 50. dxc5
$18) 47. bxa5 b5 (47... Bxg3 {the last chance for counterplay} 48. Nxg3 bxc5
49. dxc5 Ne7 $18) 48. axb5 cxb5 49. Kd2 (49. Bxc7+ $142 {
and White can already relax} Kxc7 50. Rh7+ Kb8 $18) 49... Ne7 (49... Na7 $18 {
is one last hope}) 50. Bxc7+ Kxc7 51. Rh7 Kd7 (51... Rxg4 {
is not the saving move} 52. Rxe7+ Kd8 53. Rf7 Rxg2+ 54. Kc3 $18) 52. Nf2 Ra8 (
52... b4 {cannot undo what has already been done} 53. Kc2 b3+ 54. Kxb3 Rb8+ 55.
Kc3 $18) 53. Kc3 (53. g5 fxg5 54. f6 b4 55. Rxe7+ Kd8 $18) 53... Rxa5 54. Nh3 (
54. g5 $142 $5 {might be the shorter path} Ra3+ 55. Kb4 Ra4+ 56. Kxb5 Ra2 $18)
54... Ke8 55. Kb3 (55. Nf4 $5 {makes it even easier for White} Ra1 $18) 55...
Ra1 56. Rh8+ Kd7 57. Rb8 (57. Nf4 $142 {nails it down} Re1 58. Rh7 $18) 57...
Re1 58. Kc2 (58. Kb2 Re2+ 59. Kc1 Rxg2 $18) 58... Re2+ $2 (58... Rxe3 $142 $5
59. Nf4 Nc6 60. Nxd5 Nxd4+ 61. Kc1 Rd3 62. Nxf6+ Kc7 $16) 59. Kd1 $18 Rxe3 60.
Rxb5 (60. Nf4 Ra3 61. Rb6 Ra1+ 62. Kd2 Ra2+ 63. Kc3 Ra4 64. Rxf6 Rc4+ 65. Kb3
e3 $18) 60... Rd3+ (60... Rg3 $142 61. Rb6 Rxg4 62. Rxf6 Rxg2 $18) 61. Ke2 $4 {
with this move White loses his initiative} (61. Ke1 $142 Rg3 62. Rb6 Rxg4 63.
Rxf6 Rxg2 64. Rd6+ Ke8 65. f6 $18) 61... Rxd4 $4 (61... Nc6 $142 $5 {
is interesting} 62. Rb7+ Kc8 $16) 62. Nf4 $4 {gives the opponent counterplay} (
62. Rb7+ {keeps an even firmer grip} Kd8 63. Nf4 Ra4 64. Ne6+ Ke8 65. Rb8+ Kd7
$18) 62... Ra4 $2 (62... Kc6 $142 63. Rb6+ Kxc5 64. Rxf6 Ra4 65. Ne6+ Kd6 66.
Nf8+ Kc5 $18) 63. Rb7+ $18 Ke8 (63... Kd8 64. Ne6+ Ke8 65. Rb8+ Kd7 66. Rb6 $18
) 64. Ne6 {Og vi tok remis, da det var sent og alle andre var ferdige, Min
russiske motstander så svært lettet ut.} 1/2-1/2

[Event "Østlandsserien 2012/2013, 3. div. C"]
[Site "Nittedal, Akershus NOR"]
[Date "2013.01.13"]
[Round "3"]
[White "Aas, Henrik"]
[Black "Moberg, Jan Rune"]
[Result "1/2-1/2"]
[WhiteElo "1665"]
[BlackElo "1511"]
[Annotator "Per Lea"]
[PlyCount "86"]
[EventDate "2012.11.04"]
[WhiteTeam "Nittedal"]
[BlackTeam "Follo 2"]

1. e4 e5 2. Nf3 d6 3. d4 Nd7 4. Bc4 c6 5. O-O Be7 6. c3 Ngf6 7. Qc2 O-O 8. Nbd2
b5 9. Bb3 a6 10. dxe5 dxe5 11. Re1 Qc7 12. Nf1 Nc5 13. Ng3 Bg4 14. Be3 Rad8 15.
Rad1 h5 16. Bg5 a5 17. Qb1 a4 18. Bc2 Ne6 19. Nf5 Nxg5 20. Nxe7+ Qxe7 21. Rxd8
Rxd8 $2 (21... Nxf3+ 22. gxf3 Rxd8 23. fxg4 Nxg4 24. Rd1 Rxd1+ 25. Bxd1 Qh4 26.
Bxg4 Qxg4+ 27. Kf1 Qf3 28. Kg1 h4 29. h3 Qxh3 30. Qd1 $19) 22. Nxg5 h4 23. Bd1
Rd2 24. Qc1 Qd8 25. Bf3 h3 26. gxh3 Bh5 27. h4 Rd3 28. Kg2 $2 (28. Bg2 $17)
28... Qd7 $1 29. h3 $2 Rd2 $4 (29... Bxf3+ 30. Nxf3 Nh5 31. Qg5 Nf4+ 32. Kh1
Rxf3 {0-1}) 30. Re3 g6 31. c4 b4 32. a3 b3 33. Qc3 Qd4 34. Qb4 $4 {
Er dette riktig notert?} Qxb2 $4 {
Nå er det plutselig hvit som har vinststilling!} (34... Qxe3 {
vinner reint tårn...}) 35. Qe7 Rxf2+ 36. Kg3 $2 (36. Kg1 Bxf3 37. Qxf7+ Kh8 38.
Qxf6+ Kg8 39. Qf7+ Kh8 40. Qh7#) 36... Nxe4+ 37. Nxe4 Rh2 $4 (37... Rxf3+ 38.
Rxf3 Bxf3 39. Kxf3 Qa1 40. Nf6+ Kg7 41. Ne8+ Kg8 {Remis}) 38. Nf6+ Kg7 39. Ne8+
Kg8 40. Nf6+ Kg7 41. Nxh5+ gxh5 42. Qg5+ Kf8 43. Qd8+ Kg7 1/2-1/2

[Event "Østlandsserien 2012/2013, 3. div. C"]
[Site "Nittedal, Akershus NOR"]
[Date "2013.01.13"]
[Round "3"]
[White "Simonsen, Steinar"]
[Black "Mathisen, Viktor W"]
[Result "0-1"]
[WhiteElo "1366"]
[BlackElo "1533"]
[Annotator "Kielland-Lund,Jon"]
[PlyCount "66"]
[EventDate "2012.11.04"]
[WhiteTeam "Follo 2"]
[BlackTeam "Nittedal"]

1. e4 c6 2. d4 d5 3. exd5 cxd5 4. Nf3 Nc6 5. Nc3 Nf6 6. Bd3 Bg4 7. Be2 e6 8.
Bf4 Bb4 9. a3 Ba5 10. b4 Bb6 11. b5 Bxf3 12. bxc6 Bxe2 13. Nxe2 bxc6 14. O-O
Bc7 15. Qd3 Bxf4 16. Nxf4 Qd6 17. g3 O-O 18. a4 Rab8 19. c4 Qc7 20. h4 Ne4 21.
Kg2 e5 22. Ne2 exd4 23. Qxd4 Rb4 24. Rfc1 Rb3 25. f3 Nf6 26. Nf4 Rfb8 27. h5 h6
28. Rc3 Nd7 29. Rac1 {Her hadde hvit muligheten Txb3, fulgt av cxd5.} Nf6 {
Her igjen, med fordel..} 30. Re3 Qa5 31. Qe5 Qxa4 32. Rxb3 Rxb3 33. g4 Qa3 0-1

[Event "Østlandsserien 2012/2013, 3. div. C"]
[Site "Nittedal, Akershus NOR"]
[Date "2013.01.13"]
[Round "3"]
[White "Elphinstone, Patrick"]
[Black "Aalmo, Alexander"]
[Result "1-0"]
[WhiteElo "839"]
[BlackElo "1129"]
[PlyCount "77"]
[EventDate "2012.11.04"]
[WhiteTeam "Nittedal"]
[BlackTeam "Follo 2"]

1. e4 d6 2. d4 Nf6 3. Nc3 g6 4. Bg5 Bg7 5. Nf3 a6 6. Bc4 O-O 7. O-O b5 8. Bb3
Bb7 9. Bxf6 Bxf6 10. Re1 Nd7 11. a3 c5 12. Bd5 Qc7 13. h3 cxd4 14. Nxd4 Nc5 15.
Rc1 Rab8 16. g3 Bc8 17. Kg2 Qd7 18. Rh1 Bxd4 19. Qxd4 Ne6 20. Bxe6 Qxe6 21. h4
f5 22. h5 Bb7 23. hxg6 Qxg6 24. Nd5 Qe6 25. f3 Rf7 26. Rh5 Bxd5 27. Rg5+ Qg6
28. Rxg6+ hxg6 29. Qxd5 Kg7 30. Rh1 Rc8 31. Rh7+ Kxh7 32. Qxf7+ Kh6 33. exf5
Rxc2+ 34. Kh3 gxf5 35. Qe6+ Kg7 36. Qxe7+ Kg6 37. Qxd6+ Kg5 38. f4+ Kh5 39. Qf6
1-0

[Event "Østlandsserien 2012/2013, 3. div. C"]
[Site "Ås, Akershus NOR"]
[Date "2013.02.10"]
[Round "4"]
[White "Engevik, Bjarne"]
[Black "Kielland-Lund, Jon"]
[Result "1/2-1/2"]
[WhiteElo "1639"]
[BlackElo "1597"]
[Annotator "Per Lea"]
[PlyCount "101"]
[EventDate "2012.11.04"]
[WhiteTeam "Strømmen 2"]
[BlackTeam "Follo 2"]

1. e4 c6 2. d4 d5 3. exd5 cxd5 4. c4 Nf6 5. Nc3 Nc6 6. Be3 e6 7. Nf3 Bb4 8. Bd3
dxc4 9. Bxc4 Nd5 10. Bd2 Nb6 11. Bb5 Bd7 12. O-O O-O 13. a3 Be7 14. Ne4 a6 15.
Bd3 Nd5 16. Rc1 Rc8 17. Re1 f6 18. Nc5 Bxc5 19. dxc5 b5 20. cxb6 Qxb6 21. b4
Nce7 22. Qe2 Rxc1 23. Rxc1 Bc8 24. Rc5 Kh8 25. Qe4 g6 26. h4 Qd6 27. h5 Kg7 28.
hxg6 hxg6 29. Bc1 Rh8 30. Bb2 Qf4 31. Qxf4 Nxf4 32. Rc7 Kf7 33. Bc4 Rd8 34. Nd4
Nfd5 35. Bxd5 {Der forsvant sannsynligvis hvits lille fordel.} (35. Ra7 {
ville stilt svart overfor litt større problemer}) 35... Rxd5 36. g3 Rd7 37. Rc5
Bb7 (37... e5 38. Nb3 Rd1+ 39. Kh2 (39. Kg2 Be6) 39... Rb1 40. Rc2 Bf5 (40...
Bb7 41. Nc1) 41. Rd2 Be4 {og hvit har kjempeproblemer}) 38. f4 Nd5 39. Kf2 Rc7
40. Nb3 Rxc5 41. Nxc5 Bc8 42. Ke2 Ke7 43. Kd3 Nb6 44. Ne4 f5 45. Nc5 Nd7 46.
Kd4 Kd6 47. Nd3 Bb7 48. a4 Bc6 49. Ba3 Kc7 50. a5 Bb5 51. Ne5 1/2-1/2

[Event "Østlandsserien 2012/2013, 3. div. C"]
[Site "Ås, Akershus NOR"]
[Date "2013.02.10"]
[Round "4"]
[White "Høva, Frode"]
[Black "Jacobsen, Leif"]
[Result "1/2-1/2"]
[WhiteElo "1595"]
[BlackElo "1502"]
[Annotator "Per Lea"]
[PlyCount "80"]
[EventDate "2012.11.04"]
[WhiteTeam "Follo 2"]
[BlackTeam "Strømmen 2"]

1. d4 Nf6 2. c4 e6 3. g3 d5 4. Bg2 c5 5. cxd5 cxd4 6. Nf3 exd5 7. Nxd4 Bb4+ 8.
Nd2 O-O 9. O-O Bxd2 10. Bxd2 Qb6 11. Nb3 Nc6 12. Bg5 Ne7 13. Rc1 h6 14. Be3 Qd8
15. Bc5 Re8 16. e4 Be6 17. Re1 dxe4 18. Qxd8 Raxd8 19. Bxa7 Bxb3 20. axb3 Nc6
21. Bb6 Rd2 22. Rc4 Rxb2 23. b4 Rxb4 24. Rxb4 Nxb4 25. Rb1 Nc6 26. Be3 Nd5 27.
Rxb7 Nxe3 28. fxe3 f5 29. Bh3 Ne7 30. g4 g6 31. gxf5 gxf5 32. Rb6 Kg7 {
Med remistilbud, som ble avslutt fordi situasjonen på 1. bord så litt uklar ut}
33. Re6 h5 34. Bxf5 Kf7 35. Bh3 Nd5 36. Rxe8 Kxe8 37. Kf2 Kf7 38. Bf5 Nf6 39.
Bc8 h4 40. Ke2 Nh7 1/2-1/2

[Event "Østlandsserien 2012/2013, 3. div. C"]
[Site "Ås, Akershus NOR"]
[Date "2013.02.10"]
[Round "4"]
[White "Hauge, Daniel Steen"]
[Black "Furnes, Torstein"]
[Result "1-0"]
[WhiteElo "1506"]
[BlackElo "1588"]
[Annotator "Per Lea & Torstein Furnes"]
[PlyCount "85"]
[EventDate "2012.11.04"]
[WhiteTeam "Strømmen 2"]
[BlackTeam "Follo 2"]

1. d4 d5 2. c4 e6 3. Nc3 Nf6 4. Nf3 Be7 5. e3 O-O 6. cxd5 exd5 7. Bd3 c6 8. h3
Nbd7 9. Bd2 Re8 10. O-O Bd6 11. Rc1 Ne4 12. Be1 {Så langt har vi fulgt partier
som finnes i databasen www.chesslive.de. Men svarts neste trekk er en nyhet
som ikke finnes i databasen.} Ndf6 ({Hos www.chesslive.de fortsetter det med} 
12... Qe7 13. Bb1 Nf8 14. Ne2 Ng6) 13. Nd2 Bc7 14. f3 Nxc3 (14... Ng3 15. Bxg3
Bxg3 16. Ne2 Bc7 17. e4 Bb6 {var kanskje verdt et forsøk (} 18. e5 $2 Rxe5 {)})
15. Rxc3 Qd6 ({Selvsagt ikke} 15... Rxe3 $4 16. Bxh7+ $1) 16. f4 Ne4 $6 17.
Bxe4 dxe4 18. Nc4 Qh6 $6 (18... Qg6) 19. Qb3 b5 $6 20. Ne5 Bxe5 21. fxe5 Be6
22. Qc2 Bc4 23. Rf4 Bd3 24. Qc1 Rac8 25. d5 $6 Rxe5 $2 (25... Bc4 $15 26. dxc6
Rxc6 27. b3 Bd5 28. Rxc6 Qxc6 29. Qxc6 Bxc6) 26. Rxc6 Rxc6 27. dxc6 Qe6 28. c7
Qc8 29. Ba5 Re8 30. Qc5 Qa6 $4 31. b3 ({Fritz gir hvit fordel på +8 etter} 31.
Qd5 {F.eks.} Qe6 (31... Bc4 32. Rxe4 Rf8 33. Qd8 Qc8 34. Rd4 f6 35. Qxc8 Rxc8
36. Rd8+ Kf7 37. Rxc8) (31... Qg6 32. Qd7 Qe6 33. Qxe6 fxe6 34. Bb4 Rc8 35.
Rf8+ Rxf8 36. Bxf8 Kxf8 37. c8=Q+) (31... Rf8 32. Bb4 Qc8 33. Bxf8 Qxc7 34. Bd6
) 32. Qxe6 fxe6 33. Bb4 {fulgt av tårnbytte på f8 og c-bonden blir dronning.})
31... Rc8 $2 32. Qd5 Rf8 33. Bb4 Qb6 34. Bc5 (34. Qxf7+ Rxf7 35. c8=Q+ {
med matt i 2}) 34... Qxc7 35. Bxf8 Kxf8 36. Qa8+ Ke7 37. Qg8 $1 Qc1+ 38. Kh2
Qxe3 {Dermed har hvit forsert matt i 8 trekk, men stillingen var tapt uansett.}
39. Rxf7+ Kd6 40. Qd8+ Kc5 41. Rc7+ Kb4 42. Qd6+ Ka5 43. Qa3+ {
Det er matt i neste - svart ga opp} 1-0

[Event "Østlandsserien 2012/2013, 3. div. C"]
[Site "Ås, Akershus NOR"]
[Date "2013.02.10"]
[Round "4"]
[White "Moberg, Jan Rune"]
[Black "Bruun, Frank Olav"]
[Result "1-0"]
[WhiteElo "1533"]
[BlackElo "1471"]
[Annotator "Per Lea"]
[PlyCount "57"]
[EventDate "2012.11.04"]
[WhiteTeam "Follo 2"]
[BlackTeam "Strømmen 2"]

1. d4 Nf6 2. Bg5 e6 3. e3 Be7 4. Bd3 d6 5. Nf3 Nbd7 6. Nbd2 h6 7. Bh4 O-O 8.
Rc1 b6 9. O-O Bb7 10. c3 c5 11. Bb1 cxd4 12. exd4 Re8 13. Re1 Nf8 14. Nf1 Nh5
15. Bg3 Nxg3 16. Nxg3 Rc8 17. Qd3 g6 18. Re3 Kg7 19. Rce1 Bg5 20. Nxg5 Qxg5 21.
Qf1 f5 $4 22. f4 (22. Nxf5+ gxf5 23. Rg3) 22... Qf6 (22... Qd8 23. Bxf5 gxf5
24. Nxf5+ Kh8 {og svart kan ennå kjempe}) 23. Qf2 {
Tillater nesten svart å uttlikne} (23. Bxf5 $1 Rc7 (23... gxf5 $4 24. Nh5+) 24.
Bd3) 23... Re7 $2 (23... Kh7) 24. Bxf5 $1 {Endelig!} Rce8 25. Be4 d5 26. Bd3 (
26. Bxg6 $1 Qxg6 27. f5 Qf7 28. f6+ Kg8 29. fxe7 $18) 26... Rf7 27. f5 Bc8 28.
Qc2 Ree7 $4 29. fxg6 {Tårnet er fanget, siden svart ikke kan slå med
springeren på grunn av springergaffel på h5. Svart ga opp} 1-0

[Event "Østlandsserien 2012/2013, 3. div. C"]
[Site "Oslo NOR"]
[Date "2013.03.10"]
[Round "5"]
[White "Høva, Frode"]
[Black "Svanholm, Børge W"]
[Result "1/2-1/2"]
[WhiteElo "1595"]
[BlackElo "1749"]
[PlyCount "110"]
[EventDate "2012.11.04"]
[WhiteTeam "Follo 2"]
[BlackTeam "Stjernen 2"]

1. d4 Nf6 2. c4 g6 3. Nc3 Bg7 4. e4 d6 5. Be2 O-O 6. Nf3 e5 7. Be3 Ng4 8. Bg5
f6 9. Bc1 exd4 10. Nxd4 Nh6 11. Be3 Nc6 12. Nxc6 bxc6 13. O-O Qe7 14. c5 f5 15.
Qd2 Nf7 16. Bc4 fxe4 17. Bg5 Bxc3 18. bxc3 Qd7 19. Bh6 Re8 20. Qd4 Re5 21. f4
d5 22. fxe5 Nxh6 23. Be2 Qe7 24. Rf2 Nf5 25. Qa4 Qxc5 26. Raf1 Bd7 27. Kh1 Qxc3
28. Qa6 Qxe5 29. Qb7 Re8 30. Qxa7 Be6 31. Qc5 Bd7 32. g4 Nd6 33. Qa7 e3 34. Rf4
Ne4 35. Qa3 Nf2+ 36. R1xf2 exf2 37. Rxf2 Qe4+ 38. Bf3 Qe1+ 39. Kg2 Qb1 40. Qa5
Qc1 41. Qxc7 Be6 42. Re2 Qc4 43. Qd6 Bf7 44. Rxe8+ Bxe8 45. Qd8 Qxa2+ 46. Kg3
Kf8 47. Qf6+ Bf7 48. Qxc6 Qc4 49. Qd6+ Kg8 50. h4 Qd4 51. g5 Qg1+ 52. Kh3 Qf1+
53. Kg3 Qg1+ 54. Kh3 Qf1+ 55. Kg3 Qg1+ 1/2-1/2

[Event "Østlandsserien 2012/2013, 3. div. C"]
[Site "Oslo NOR"]
[Date "2013.03.10"]
[Round "5"]
[White "Fosdahl, Bjørn W"]
[Black "Furnes, Torstein"]
[Result "0-1"]
[WhiteElo "1695"]
[BlackElo "1588"]
[PlyCount "48"]
[EventDate "2012.11.04"]
[WhiteTeam "Stjernen 2"]
[BlackTeam "Follo 2"]

1. d4 d5 2. c4 e6 3. Nc3 Nf6 4. Bg5 Be7 5. e3 O-O 6. Nf3 Nbd7 7. Bd3 dxc4 8.
Bxc4 c5 9. O-O cxd4 10. exd4 b6 11. d5 exd5 12. Bxd5 Nxd5 13. Qxd5 Ba6 14. Rfd1
Bxg5 15. Nxg5 Nf6 16. Qe5 Qe8 17. Qf4 Rd8 18. Qh4 h6 19. Nf3 Bb7 20. Qh3 Qc6
21. Nd4 Qc4 22. Nf5 Qf4 23. Ne2 Qe5 24. Qg3 $2 Qxf5 0-1

[Event "Østlandsserien 2012/2013, 3. div. C"]
[Site "Oslo NOR"]
[Date "2013.03.10"]
[Round "5"]
[White "Wasshaug, Espen"]
[Black "Thowsen, Alf Geir"]
[Result "1-0"]
[WhiteElo "1655"]
[BlackElo "1159"]
[Annotator "Fritz 10"]
[PlyCount "112"]
[EventDate "2012.11.04"]
[WhiteTeam "Stjernen 2"]
[BlackTeam "Follo 2"]

1. d4 Nf6 2. c4 c5 3. d5 e5 4. Nc3 d6 5. e4 Be7 6. Bd3 Nbd7 7. Nge2 Nf8 8. O-O
Ng6 9. a3 O-O 10. b4 Nd7 11. Ng3 Bg5 12. Nf5 Bxc1 13. Rxc1 Nf6 14. bxc5 dxc5
15. g3 Ne7 16. f4 Nxf5 17. exf5 exf4 18. Rxf4 Re8 19. Ne4 Re5 20. Qf3 Nxe4 21.
Bxe4 Qf6 22. Rd1 Bd7 23. d6 Rae8 24. Bxb7 Re1+ 25. Rxe1 Rxe1+ 26. Kf2 Qa1 27.
Qd3 Rd1 28. Qe3 Qb2+ 29. Kf3 Qxb7+ 30. Kg4 Rxd6 31. Qxc5 h5+ (31... Rg6+ 32.
Kh3 (32. Kh4 Rh6+ 33. Kg4 Rxh2 34. Rd4 h5+ 35. Kf4 Rf2+ 36. Ke5 Rxf5+ 37. Kd6
Rxc5 38. Kxc5 Qb6+ 39. Kd5 Bc6+ 40. Kd6 Bf3+ 41. Kd7 Qxd4+ $19) 32... Rh6+ 33.
Rh4 Qf3 34. Rxh6 Bxf5+ 35. Qxf5 Qxf5+ 36. Kg2 gxh6 $19) 32. Kxh5 Rh6+ 33. Kg4
Qb1 (33... Rg6+ 34. Kh3 Qh1 35. Qd5 Rh6+ 36. Kg4 (36. Rh4 Qf1+ 37. Kg4 Rg6+ 38.
Kh5 Qe2+ 39. g4 Rh6+ 40. Kg5 Qe3#) 36... Qxh2 $19) 34. Rd4 Qb7 (34... Rg6+ 35.
Kf4 Qf1+ 36. Ke3 Bxf5 37. Qd5 Re6+ $19) 35. Qa5 Qc8 36. Qxa7 Bxf5+ 37. Kf4 Rf6
(37... Qe8 $1 38. Qb7 (38. Qc5 Rxh2 39. Qd5 Rf2+ 40. Kg5 Qe3+ 41. Rf4 Qxg3+ 42.
Kxf5 Qxf4#) (38. Kxf5 Qe6+ 39. Kg5 Rg6+ 40. Kh4 Rg4+ 41. Kh3 Rxd4+ 42. Kg2 Qe2+
43. Kh3 Qf1#) 38... Rf6 $19) 38. Qa5 Bh3+ (38... Bg6+ 39. Ke3 (39. Kg5 Rf5+)
39... Qe8+ 40. Kd2 Rf2+ 41. Kc1 Rc2+ 42. Kb1 Rd2+ 43. Kc1 Qe1#) 39. Ke3 Qe6+
40. Re4 Qb6+ 41. Qxb6 Rxb6 42. Re8+ Kh7 43. Re5 Be6 44. Kd4 Ra6 45. Re3 g6 46.
Kc5 Ra5+ 47. Kb6 Rh5 48. c5 Rxh2 49. Rc3 Kg7 50. c6 Rh8 51. c7 Kf6 52. a4 Ke7
53. a5 Bc8 54. a6 Bxa6 55. Kxa6 Kd7 56. Kb7 Rc8 1-0

[Event "Østlandsserien 2011/2012, 2. div"]
[Site "Lillestrøm, Akershus NOR"]
[Date "2011.11.06"]
[Round "1"]
[White "Larsen, Joakim"]
[Black "Ulvin, Dag"]
[Result "0-1"]
[WhiteElo "1930"]
[BlackElo "2169"]
[PlyCount "60"]
[EventDate "2011.11.06"]
[WhiteTeam "Follo 1"]
[BlackTeam "Lillestrøm"]

1. e4 Nc6 2. d4 d5 3. e5 Bf5 4. Nf3 e6 5. Bd3 Nge7 6. Bg5 Qd7 7. c3 h6 8. Bf4
g5 9. Bc1 Ng6 10. h4 g4 11. Ng1 h5 12. Ne2 Be7 13. g3 f6 14. Nf4 Nxf4 15. Bxf4
fxe5 16. dxe5 O-O-O 17. Bxf5 exf5 18. O-O d4 19. Nd2 dxc3 20. bxc3 Qd3 21. Qb3
Bc5 22. Nc4 Rhe8 23. Rab1 b6 24. Qb5 Qf3 25. a4 Rd5 26. Nd6+ Rxd6 27. exd6 Re2
28. d7+ Kd8 29. Bg5+ Kxd7 30. Rfd1+ Kc8 0-1

[Event "Østlandsserien 2011/2012, 2. div"]
[Site "Lillestrøm, Akershus NOR"]
[Date "2011.11.06"]
[Round "1"]
[White "Matthews, Ben"]
[Black "Lange, David"]
[Result "1/2-1/2"]
[WhiteElo "1717"]
[BlackElo "1813"]
[PlyCount "86"]
[EventDate "2011.11.06"]
[WhiteTeam "Lillestrøm"]
[BlackTeam "Follo 1"]

1. c4 e5 2. g3 d6 3. Bg2 Nf6 4. Nc3 g6 5. d3 Bg7 6. Bg5 h6 7. Bd2 O-O 8. e4 c6
9. Nge2 Be6 10. f4 Qd7 11. O-O Na6 12. a3 Kh7 13. Qc2 Rac8 14. Rf2 Ng4 15. Rff1
f5 16. Rad1 Nf6 17. b3 Nc7 18. d4 exd4 19. Nxd4 Nxe4 20. Nxe6 Qxe6 21. Nxe4
fxe4 22. Bxe4 Bd4+ 23. Kg2 d5 24. Bd3 dxc4 25. bxc4 Qd6 26. f5 Qxa3 27. fxg6+
Kg7 28. Bf5 Rcd8 29. Qe4 Bf6 30. Bxh6+ Kxh6 31. Qf4+ Bg5 32. Qxc7 Qe7 33. Qxe7
Bxe7 34. Bb1 Kg7 35. h4 a5 36. Rxd8 Rxf1 37. Kxf1 Bxd8 38. Ke2 a4 39. Kd2 b5
40. cxb5 cxb5 41. Kc3 Ba5+ 42. Kb2 Be1 43. Ka3 Bxg3 1/2-1/2

[Event "Østlandsserien 2011/2012, 2. div"]
[Site "Lillestrøm, Akerhus NOR"]
[Date "2011.11.06"]
[Round "1"]
[White "Lange, Holger"]
[Black "Barton, Zdenek"]
[Result "1/2-1/2"]
[WhiteElo "1660"]
[BlackElo "1635"]
[PlyCount "110"]
[EventDate "2011.11.06"]
[WhiteTeam "Follo 1"]
[BlackTeam "Lillestrøm"]

1. e4 c5 2. Nf3 Nf6 3. e5 Nd5 4. c4 Nb4 5. Nc3 e6 6. Be2 Be7 7. a3 N4c6 8. O-O
O-O 9. d3 a6 10. Bf4 d6 11. exd6 Bxd6 12. Be3 b6 13. d4 Nxd4 14. Nxd4 cxd4 15.
Bxd4 Nc6 16. Be3 Bb7 17. Na4 b5 18. cxb5 axb5 19. Bxb5 Qe7 20. Rc1 Ne5 21. f4
Ng6 22. Qe2 Nh4 23. g3 Nf5 24. Nb6 Ra5 25. Bf2 Rd8 26. Bd3 Bc5 27. Nc4 Bxf2+
28. Rxf2 Rc5 29. b4 Nd4 30. Qe3 Rc7 31. Be4 Ba6 32. Bd3 Bb7 33. Rd1 Rxc4 34.
Bxc4 Nf3+ 35. Rxf3 Rxd1+ 36. Rf1 Qd7 37. Be2 Qd5 38. Bf3 Rxf1+ 39. Kxf1 Qxf3+
40. Qxf3 Bxf3 41. Kf2 Bc6 42. Ke3 Kf8 43. Kd4 Ke7 44. Kc5 Kd7 45. b5 Bb7 46.
Kb6 Kc8 47. a4 f6 48. Kc5 Kc7 49. a5 e5 50. a6 e4 51. Kd4 f5 52. axb7 Kxb7 53.
h3 Kb6 54. g4 g6 55. Kc4 Ka5 1/2-1/2